| 000 | 00888cam a22002411 4500 | ||
|---|---|---|---|
| 001 | he 68003992 | ||
| 003 | DLC | ||
| 005 | 20260227111507.0 | ||
| 008 | 960703r19641904is 000 0 hebr | ||
| 010 | _ahe 68003992 | ||
| 025 | _aPL480:Is-4431 | ||
| 035 | _a(OCoLC)35028746 | ||
| 040 |
_aDLC _cCLU _dCLU _dDLC |
||
| 042 | _apremarc | ||
| 050 | 0 | 0 |
_aBS1225 _b.I723 1964 |
| 100 | 0 |
_aYiśraʼel, _cmi-Ṭshorṭḳov, _d1854-1934. |
|
| 245 | 0 | 0 |
_aSefer Tifʼeret Yiʹsraʼel ... _cʼAmarot Ṭehorot ... Sheyatsʼu mipe Kadosh ... Yiʹsraʼel Ben David Moshe Miṭshaʼrtkov. Huvaʼ Lebeyt hadfus ʻAl Yede Yiʹsraʼel Raʼpaʼpoʼrṭ. Veʻata Yotseh Laʼor meḥadash. |
| 260 |
_aYerushalayim, _bʼA.Y. Fridman, _c725 [1964 or 5] |
||
| 300 |
_a63 l. _c25 cm. |
||
| 500 | _aReprint of Husiatyn, 1904 ed. | ||
| 630 | 0 | 0 |
_aBible. _pPentateuch _xCommentaries. |
| 740 | 0 | _aTifeʹret Yisrael. | |
| 999 |
_c34039 _d34039 |
||